00285pab a2200121 454500008004000000100002100040245004000061260000900101300001300110362001100123650001400134773001500148180718b2009 xxu||||| |||| 00| 0 eng d aVombalkere, S.G. aManaging disasters and displacement c2009 ap.17-21. a14 Nov aDisasters aMainstream